Statistics for Nonsense Words #3

Click here to take the quiz!

General Stats

  • This quiz has been taken 90 times
  • The average score is 10 of 13

Answer Stats

Answer% Correct
Kangaroosters
94%
Budapestimate
93%
Laughterrific
93%
Nitrogenocide
85%
Stripperfumes
79%
Marzipanorama
74%
Strategyptian
69%
Transferocity
69%
Mackereligion
66%
Saturdaydream
65%
Zucchinitiate
57%
Abducteetotal
56%
Tentacleavage
51%

Score Distribution

Percentile by Number Answered

Percent of People with Each Score

Your Score History

You have not taken this quiz